[Event "Team Championship of Russia (rapid)"]
[Site "Sochi"]
[Date "2015.05.08"]
[Round "4.33"]
[White "Demidov, Mikhail"]
[Black "Gabrielian, Artur"]
[Result "1-0"]
[LiveChessVersion "1.4.4"]
[BlackElo "2482"]
[WhiteElo "2493"]
[BlackTeam "Stavropol region"]
[WhiteTeam "Boavishta"]

1. Nc3 {[%clk 0:15:18]} g6 {[%clk 0:15:17]} 2. e4 {[%clk 0:15:20]} Bg7
{[%clk 0:15:26]} 3. d4 d6 4. Nf3 {[%clk 0:15:37]} Nf6 {[%clk 0:15:44]} 5. Be2
{[%clk 0:15:46]} O-O {[%clk 0:15:53]} 6. O-O {[%clk 0:15:54]} a6 {[%clk 0:16:02]}
7. a4 {[%clk 0:16:03]} Nc6 {[%clk 0:16:10]} 8. h3 {[%clk 0:16:07]} e5
{[%clk 0:16:19]} 9. dxe5 {[%clk 0:16:14]} dxe5 {[%clk 0:16:27]} 10. Bg5
{[%clk 0:16:18]} Be6 {[%clk 0:15:04]} 11. Qc1 {[%clk 0:16:04]} Qb8
{[%clk 0:14:06]} 12. Rd1 {[%clk 0:15:52]} Re8 {[%clk 0:14:05]} 13. Qe3
{[%clk 0:15:47]} Qa7 {[%clk 0:10:56]} 14. Qxa7 {[%clk 0:15:11]} Rxa7
{[%clk 0:10:41]} 15. Rd2 {[%clk 0:15:20]} Raa8 {[%clk 0:10:24]} 16. Rad1
{[%clk 0:15:28]} Rac8 {[%clk 0:10:18]} 17. Kf1 {[%clk 0:14:46]} h6
{[%clk 0:10:25]} 18. Bxf6 {[%clk 0:14:36]} Bxf6 {[%clk 0:10:33]} 19. Nd5
{[%clk 0:14:45]} Bg7 {[%clk 0:10:17]} 20. c3 {[%clk 0:14:51]} f5 {[%clk 0:09:48]}
21. Nh4 {[%clk 0:14:15]} Kh7 {[%clk 0:08:26]} 22. exf5 {[%clk 0:13:42]} gxf5
{[%clk 0:08:35]} 23. g4 {[%clk 0:13:51]} fxg4 {[%clk 0:07:59]} 24. hxg4
{[%clk 0:13:47]} e4 {[%clk 0:07:59]} 25. Ne3 {[%clk 0:13:07]} Ne5
{[%clk 0:07:21]} 26. Rd4 {[%clk 0:12:16]} Bb3 {[%clk 0:07:12]} 27. R1d2
{[%clk 0:10:54]} Nc6 {[%clk 0:02:53]} 28. Rxe4 {[%clk 0:09:44]} Rxe4
{[%clk 0:03:02]} 29. Bd3 {[%clk 0:09:53]} Rce8 {[%clk 0:02:43]} 30. f3
{[%clk 0:10:02]} Bf6 {[%clk 0:02:31]} 31. Nhg2 {[%clk 0:09:33]} Bxa4
{[%clk 0:02:33]} 32. Bxe4+ {[%clk 0:09:42]} Kh8 {[%clk 0:02:29]} 33. Nf5
{[%clk 0:08:15]} Bb5+ {[%clk 0:02:21]} 34. Kf2 {[%clk 0:07:48]} Bg5
{[%clk 0:02:21]} 35. Rd7 {[%clk 0:07:20]} Ne5 {[%clk 0:02:24]} 36. Rxc7
{[%clk 0:06:58]} Nxg4+ {[%clk 0:02:31]} 37. Kg1 {[%clk 0:05:54]} Nf6
{[%clk 0:02:04]} 38. Bxb7 {[%clk 0:05:28]} Rd8 {[%clk 0:00:59]} 39. f4
{[%clk 0:04:50]} Ng4 {[%clk 0:00:51]} 40. Bf3 {[%clk 0:04:42]} Bxf4
{[%clk 0:00:15]} 41. Nxf4 {[%clk 0:04:38]} Ne5 {[%clk 0:00:24]} 42. Be4
{[%clk 0:04:39]} Rg8+ {[%clk 0:00:23]} 43. Kf2 {[%clk 0:04:24]} Ng4+
{[%clk 0:00:29]} 44. Ke1 {[%clk 0:04:15]} Nf6 {[%clk 0:00:16]} 45. Bf3
{[%clk 0:02:59]} Bd7 {[%clk 0:00:15]} 46. Nxh6 {[%clk 0:02:38]} Rg1+
{[%clk 0:00:20]} 47. Kf2 {[%clk 0:02:31]} Rb1 {[%clk 0:00:28]} 48. b4
{[%clk 0:02:23]} Kg7 {[%clk 0:00:16]} 49. Ng4 {[%clk 0:02:25]} 1-0

[Event "Team Championship of Russia (rapid)"]
[Site "Sochi"]
[Date "2015.05.08"]
[Round "4.34"]
[White "Rozhko, Dmitry"]
[Black "Vastrukhin, Oleg"]
[Result "0-1"]
[LiveChessVersion "1.4.4"]
[BlackElo "2444"]
[WhiteElo "2389"]
[BlackTeam "Boavishta"]
[WhiteTeam "Stavropol region"]

1. d4 {[%clk 0:15:19]} g6 {[%clk 0:15:19]} 2. e4 {[%clk 0:15:27]} c6
{[%clk 0:15:27]} 3. Nf3 {[%clk 0:15:30]} Bg7 {[%clk 0:15:35]} 4. c3
{[%clk 0:15:39]} d5 {[%clk 0:15:43]} 5. exd5 {[%clk 0:15:32]} cxd5
{[%clk 0:15:51]} 6. Bd3 {[%clk 0:15:18]} Nc6 {[%clk 0:15:57]} 7. O-O
{[%clk 0:15:25]} Nf6 {[%clk 0:15:50]} 8. Re1 {[%clk 0:15:19]} O-O
{[%clk 0:15:57]} 9. Nbd2 {[%clk 0:14:49]} a6 {[%clk 0:15:54]} 10. a4
{[%clk 0:14:12]} e6 {[%clk 0:15:35]} 11. Nb3 {[%clk 0:13:53]} b6 {[%clk 0:15:35]}
12. Bf4 {[%clk 0:13:59]} Bb7 {[%clk 0:15:29]} 13. Qe2 {[%clk 0:13:55]} a5
{[%clk 0:14:41]} 14. h3 {[%clk 0:13:33]} Rc8 {[%clk 0:14:45]} 15. Ne5
{[%clk 0:13:10]} Nxe5 {[%clk 0:14:23]} 16. Bxe5 {[%clk 0:13:02]} Bc6
{[%clk 0:14:31]} 17. Nd2 {[%clk 0:12:09]} Qd7 {[%clk 0:14:22]} 18. b3
{[%clk 0:11:34]} Rfe8 {[%clk 0:13:43]} 19. h4 {[%clk 0:10:13]} Qe7
{[%clk 0:13:32]} 20. Nf3 {[%clk 0:09:47]} Bb7 {[%clk 0:13:10]} 21. Rac1
{[%clk 0:09:04]} h6 {[%clk 0:12:14]} 22. Bxf6 {[%clk 0:08:48]} Bxf6
{[%clk 0:12:05]} 23. h5 {[%clk 0:08:49]} g5 {[%clk 0:11:45]} 24. Bb1
{[%clk 0:08:46]} Bg7 {[%clk 0:11:08]} 25. Qd3 {[%clk 0:08:16]} f5
{[%clk 0:08:12]} 26. g4 {[%clk 0:08:16]} fxg4 {[%clk 0:07:37]} 27. Qh7+
{[%clk 0:08:14]} Kf8 {[%clk 0:07:46]} 28. Nh2 {[%clk 0:07:44]} Qf7
{[%clk 0:07:36]} 29. Bg6 {[%clk 0:06:09]} Qf4 {[%clk 0:07:41]} 30. Bxe8
{[%clk 0:06:07]} Rxe8 {[%clk 0:07:49]} 31. Qd3 {[%clk 0:05:52]} e5
{[%clk 0:07:06]} 32. Qg3 {[%clk 0:05:20]} Qxg3+ {[%clk 0:06:40]} 33. fxg3
{[%clk 0:05:26]} exd4 {[%clk 0:06:49]} 34. Rxe8+ {[%clk 0:04:54]} Kxe8
{[%clk 0:06:58]} 35. cxd4 {[%clk 0:04:40]} Bxd4+ {[%clk 0:07:07]} 36. Kg2
{[%clk 0:04:42]} Bc5 {[%clk 0:06:13]} 37. Nxg4 {[%clk 0:04:35]} d4+
{[%clk 0:06:23]} 38. Kh2 {[%clk 0:04:40]} Bf3 {[%clk 0:06:12]} 39. Re1+
{[%clk 0:04:04]} Kd8 {[%clk 0:06:01]} 40. Nxh6 {[%clk 0:03:44]} Bxh5
{[%clk 0:05:56]} 41. Re5 {[%clk 0:03:31]} Bd1 {[%clk 0:05:51]} 42. Nf7+
{[%clk 0:02:05]} Kc7 {[%clk 0:05:20]} 43. Nxg5 {[%clk 0:02:09]} Bxb3
{[%clk 0:05:26]} 44. Ne4 {[%clk 0:01:46]} Bb4 {[%clk 0:05:35]} 45. g4
{[%clk 0:01:02]} d3 {[%clk 0:05:20]} 46. g5 {[%clk 0:00:46]} d2 {[%clk 0:01:45]}
47. Nxd2 {[%clk 0:00:47]} Bxd2 {[%clk 0:01:54]} 48. Kg3 {[%clk 0:00:56]} Bxa4
{[%clk 0:01:23]} 49. g6 {[%clk 0:01:01]} Bb3 {[%clk 0:01:11]} 50. g7
{[%clk 0:00:34]} a4 {[%clk 0:01:15]} 51. Re8 {[%clk 0:00:19]} a3 {[%clk 0:01:15]}
52. Re7+ {[%clk 0:00:12]} Kc6 {[%clk 0:01:15]} 53. Ra7 {[%clk 0:00:12]} Ba5
{[%clk 0:01:22]} 54. Ra8 {[%clk 0:00:12]} a2 {[%clk 0:01:26]} 55. Rc8+
{[%clk 0:00:20]} Kb7 {[%clk 0:01:20]} 56. Rc1 {[%clk 0:00:27]} Bd2
{[%clk 0:01:25]} 57. Rf1 {[%clk 0:00:14]} Bc3 {[%clk 0:01:31]} 0-1

[Event "Team Championship of Russia (rapid)"]
[Site "Sochi"]
[Date "2015.05.08"]
[Round "4.35"]
[White "Pasiev, Rakhim"]
[Black "Nechaev, Oleg"]
[Result "1/2-1/2"]
[LiveChessVersion "1.4.4"]
[BlackElo "2354"]
[WhiteElo "2406"]
[BlackTeam "Stavropol region"]
[WhiteTeam "Boavishta"]

1. e4 {[%clk 0:15:17]} c5 {[%clk 0:15:19]} 2. Nf3 {[%clk 0:15:26]} Nc6
{[%clk 0:15:28]} 3. d4 {[%clk 0:15:35]} cxd4 {[%clk 0:15:36]} 4. Nxd4
{[%clk 0:15:42]} Qb6 {[%clk 0:15:46]} 5. Nb3 {[%clk 0:15:51]} Nf6
{[%clk 0:15:55]} 6. Nc3 {[%clk 0:15:59]} e6 {[%clk 0:16:04]} 7. Be3
{[%clk 0:16:07]} Qc7 {[%clk 0:16:13]} 8. f4 {[%clk 0:15:00]} d6 {[%clk 0:16:21]}
9. Be2 {[%clk 0:15:02]} a6 {[%clk 0:16:28]} 10. a4 {[%clk 0:15:09]} b6
{[%clk 0:16:34]} 11. O-O {[%clk 0:15:15]} Be7 {[%clk 0:16:42]} 12. Qe1
{[%clk 0:15:24]} Nd7 {[%clk 0:16:32]} 13. Rd1 {[%clk 0:15:18]} Bf6
{[%clk 0:16:26]} 14. Qd2 {[%clk 0:14:57]} Be7 {[%clk 0:16:15]} 15. Bf3
{[%clk 0:14:23]} Rb8 {[%clk 0:16:14]} 16. Qe1 {[%clk 0:13:01]} O-O
{[%clk 0:16:13]} 17. Qg3 {[%clk 0:12:45]} Re8 {[%clk 0:15:06]} 18. Kh1
{[%clk 0:12:06]} Bb7 {[%clk 0:15:10]} 19. Qh3 {[%clk 0:10:48]} Nb4
{[%clk 0:14:51]} 20. Rd2 {[%clk 0:10:36]} Bf6 {[%clk 0:14:51]} 21. Rfd1
{[%clk 0:10:44]} Bxc3 {[%clk 0:13:23]} 22. bxc3 {[%clk 0:10:53]} Qxc3
{[%clk 0:13:31]} 23. Bd4 {[%clk 0:10:50]} Qc4 {[%clk 0:13:04]} 24. Bb2
{[%clk 0:09:25]} Nf8 {[%clk 0:09:25]} 25. Nd4 {[%clk 0:06:36]} Nc6
{[%clk 0:08:41]} 26. Ne2 {[%clk 0:05:24]} Rbd8 {[%clk 0:08:13]} 27. Qg3
{[%clk 0:05:30]} e5 {[%clk 0:07:16]} 28. fxe5 {[%clk 0:05:13]} dxe5
{[%clk 0:07:21]} 29. Bxe5 {[%clk 0:05:18]} Ng6 {[%clk 0:06:05]} 30. Bb2
{[%clk 0:04:39]} Rxd2 {[%clk 0:05:42]} 31. Rxd2 {[%clk 0:04:47]} Qb4
{[%clk 0:05:40]} 32. Bc3 {[%clk 0:04:20]} Qb1+ {[%clk 0:05:13]} 33. Ng1
{[%clk 0:04:28]} h6 {[%clk 0:04:22]} 34. e5 {[%clk 0:03:44]} Re7 {[%clk 0:02:56]}
35. Bd5 {[%clk 0:02:56]} Na5 {[%clk 0:02:32]} 36. h4 Bxd5 {[%clk 0:02:33]} 37.
Rxd5 {[%clk 0:02:27]} Re6 {[%clk 0:01:29]} 38. Rd8+ {[%clk 0:02:16]} Nf8
{[%clk 0:01:26]} 39. Qd3 {[%clk 0:00:57]} Nc6 {[%clk 0:01:22]} 40. Ra8
{[%clk 0:01:05]} a5 {[%clk 0:01:09]} 41. h5 {[%clk 0:00:35]} Qc1 {[%clk 0:01:17]}
42. Kh2 {[%clk 0:00:15]} Qf4+ {[%clk 0:01:08]} 43. g3 {[%clk 0:00:21]} Qg5
{[%clk 0:00:52]} 44. Nh3 {[%clk 0:00:19]} Qxh5 {[%clk 0:00:56]} 45. Kg2
{[%clk 0:00:28]} Qg6 {[%clk 0:00:35]} 46. Qxg6 {[%clk 0:00:32]} Rxg6
{[%clk 0:00:43]} 47. Nf4 {[%clk 0:00:40]} Rg5 {[%clk 0:00:42]} 48. Nd3
{[%clk 0:00:25]} Rg4 {[%clk 0:00:43]} 49. Nf4 {[%clk 0:00:33]} Rg5
{[%clk 0:00:46]} 50. Re8 {[%clk 0:00:40]} h5 {[%clk 0:00:33]} 51. Kf3
{[%clk 0:00:47]} Rf5 {[%clk 0:00:38]} 52. Ke4 {[%clk 0:00:54]} g6
{[%clk 0:00:47]} 53. e6 {[%clk 0:00:58]} Rc5 {[%clk 0:00:41]} 54. Bf6
{[%clk 0:01:01]} fxe6 {[%clk 0:00:25]} 55. Rxf8+ {[%clk 0:00:19]} Kxf8
{[%clk 0:00:32]} 56. Nxe6+ {[%clk 0:00:27]} Kf7 {[%clk 0:00:40]} 57. Nxc5
{[%clk 0:00:36]} bxc5 {[%clk 0:00:39]} 58. Bg5 {[%clk 0:00:32]} Ke6
{[%clk 0:00:39]} 59. c3 {[%clk 0:00:41]} Nb8 {[%clk 0:00:32]} 60. Bd8
{[%clk 0:00:47]} Nc6 {[%clk 0:00:37]} 61. Bb6 {[%clk 0:00:55]} Kd6
{[%clk 0:00:45]} 62. Kf4 {[%clk 0:00:54]} c4 {[%clk 0:00:16]} 63. Kg5
{[%clk 0:01:01]} Ne7 {[%clk 0:00:14]} 64. Bxa5 {[%clk 0:01:05]} Nf5
{[%clk 0:00:18]} 65. Bb4+ {[%clk 0:00:39]} Kd5 {[%clk 0:00:19]} 66. Kf4
{[%clk 0:00:35]} h4 {[%clk 0:00:21]} 67. gxh4 {[%clk 0:00:20]} Nxh4
{[%clk 0:00:29]} 68. Kg5 {[%clk 0:00:25]} Ng2 {[%clk 0:00:16]} 69. Kxg6
{[%clk 0:00:27]} Nf4+ {[%clk 0:00:19]} 70. Kf7 {[%clk 0:00:34]} Nd3
{[%clk 0:00:28]} 71. Ba3 {[%clk 0:00:39]} Nf2 {[%clk 0:00:28]} 72. Ke7
{[%clk 0:00:38]} Nd1 {[%clk 0:00:32]} 73. Bb4 {[%clk 0:00:29]} Nb2
{[%clk 0:00:40]} 74. a5 {[%clk 0:00:35]} Kc6 {[%clk 0:00:46]} 75. Ke6
{[%clk 0:00:40]} Kb5 {[%clk 0:00:38]} 76. Kd5 {[%clk 0:00:30]} Na4
{[%clk 0:00:38]} 77. Kd6 {[%clk 0:00:37]} Nb2 {[%clk 0:00:39]} 78. Kd5
{[%clk 0:00:31]} Na4 {[%clk 0:00:37]} 1/2-1/2

[Event "Team Championship of Russia (rapid)"]
[Site "Sochi"]
[Date "2015.05.08"]
[Round "4.36"]
[White "Mkrtchyan, Artak"]
[Black "Denishev, Marat"]
[Result "1/2-1/2"]
[LiveChessVersion "1.4.4"]
[BlackElo "2261"]
[WhiteElo "2051"]

1. Nf3 {[%clk 0:15:17]} d5 {[%clk 0:15:19]} 2. g3 {[%clk 0:15:26]} Nf6
{[%clk 0:15:25]} 3. Bg2 {[%clk 0:15:34]} c5 {[%clk 0:15:32]} 4. O-O
{[%clk 0:15:42]} Nc6 {[%clk 0:15:40]} 5. d3 {[%clk 0:15:50]} g6 {[%clk 0:15:31]}
6. Nbd2 {[%clk 0:15:55]} Bg7 {[%clk 0:15:39]} 7. e4 {[%clk 0:15:59]} O-O
{[%clk 0:15:38]} 8. Re1 {[%clk 0:15:19]} b6 {[%clk 0:15:38]} 9. exd5
{[%clk 0:12:41]} Nxd5 {[%clk 0:15:40]} 10. Nc4 {[%clk 0:12:41]} Bb7
{[%clk 0:15:42]} 11. Rb1 {[%clk 0:11:59]} Rc8 {[%clk 0:15:12]} 12. Ne3
{[%clk 0:11:56]} Nd4 {[%clk 0:14:44]} 13. Nxd4 {[%clk 0:10:23]} cxd4
{[%clk 0:13:23]} 14. Nxd5 {[%clk 0:10:20]} Bxd5 {[%clk 0:13:31]} 15. Bxd5
{[%clk 0:09:20]} Qxd5 {[%clk 0:13:39]} 16. Rxe7 {[%clk 0:08:50]} Qxa2
{[%clk 0:13:35]} 17. Bf4 {[%clk 0:08:31]} a5 {[%clk 0:11:44]} 18. Be5
{[%clk 0:05:40]} Bxe5 {[%clk 0:11:10]} 19. Rxe5 {[%clk 0:05:48]} Qa4
{[%clk 0:11:10]} 20. c4 {[%clk 0:04:45]} Qc6 {[%clk 0:09:52]} 21. Qg4
{[%clk 0:03:19]} Rcd8 {[%clk 0:09:40]} 22. h4 {[%clk 0:03:25]} Qa4
{[%clk 0:08:27]} 23. h5 {[%clk 0:02:48]} Rd6 {[%clk 0:07:09]} 24. Qd1
{[%clk 0:02:02]} Qd7 {[%clk 0:07:03]} 25. Kg2 {[%clk 0:01:59]} Re8
{[%clk 0:05:46]} 26. Rxe8+ {[%clk 0:01:54]} Qxe8 {[%clk 0:05:54]} 27. Qe1
{[%clk 0:01:15]} Re6 {[%clk 0:05:59]} 28. Qd1 {[%clk 0:00:53]} Re2
{[%clk 0:05:55]} 29. Kf1 {[%clk 0:01:01]} Re5 {[%clk 0:05:54]} 30. hxg6
{[%clk 0:01:06]} hxg6 {[%clk 0:06:00]} 31. Qf3 {[%clk 0:00:38]} Qe6
{[%clk 0:05:41]} 32. Kg2 {[%clk 0:00:32]} Rh5 {[%clk 0:04:53]} 33. Rh1
{[%clk 0:00:21]} Rxh1 {[%clk 0:05:00]} 34. Kxh1 {[%clk 0:00:30]} Qe1+
{[%clk 0:05:04]} 35. Kg2 {[%clk 0:00:38]} Qd2 {[%clk 0:05:00]} 36. b3
{[%clk 0:00:21]} Qc2 {[%clk 0:04:46]} 37. Qe4 {[%clk 0:00:21]} Qxb3
{[%clk 0:04:24]} 38. Qe8+ {[%clk 0:00:20]} Kg7 {[%clk 0:04:28]} 39. Qe5+
{[%clk 0:00:27]} Kh7 {[%clk 0:04:15]} 40. Qf6 {[%clk 0:00:17]} Kg8
{[%clk 0:03:15]} 41. Qd8+ {[%clk 0:00:25]} Kh7 {[%clk 0:03:24]} 42. Qf6
{[%clk 0:00:32]} Kg8 {[%clk 0:03:30]} 43. Qe6 1/2-1/2

[Event "Team Championship of Russia (rapid)"]
[Site "Sochi"]
[Date "2015.05.09"]
[Round "5.1"]
[White "Svidler, Peter"]
[Black "Nepomniachtchi, Ian"]
[Result "0-1"]
[LiveChessVersion "1.4.4"]
[BlackElo "2700"]
[WhiteElo "2649"]
[BlackTeam "SHSM-Our Heritage-1"]
[WhiteTeam "The Bronze Horseman"]

1. Nf3 {[%clk 0:15:18]} c5 {[%clk 0:15:16]} 2. c4 {[%clk 0:15:25]} Nf6
{[%clk 0:15:25]} 3. d4 {[%clk 0:15:33]} cxd4 {[%clk 0:15:32]} 4. Nxd4
{[%clk 0:15:41]} Nc6 {[%clk 0:15:41]} 5. g3 {[%clk 0:15:49]} e5 {[%clk 0:15:49]}
6. Nb5 {[%clk 0:15:51]} Bb4+ {[%clk 0:15:56]} 7. N1c3 {[%clk 0:13:27]} O-O
{[%clk 0:15:45]} 8. a3 {[%clk 0:12:43]} Bxc3+ {[%clk 0:14:56]} 9. Nxc3
{[%clk 0:12:52]} d6 {[%clk 0:15:05]} 10. Bg2 {[%clk 0:12:33]} Be6
{[%clk 0:15:14]} 11. b3 {[%clk 0:12:36]} h6 {[%clk 0:14:53]} 12. O-O
{[%clk 0:12:18]} Rc8 {[%clk 0:14:43]} 13. h3 {[%clk 0:10:32]} Qd7
{[%clk 0:14:11]} 14. Kh2 {[%clk 0:10:41]} Ne7 {[%clk 0:14:13]} 15. e4
{[%clk 0:10:37]} a6 {[%clk 0:13:42]} 16. a4 {[%clk 0:10:45]} Nc6 {[%clk 0:13:27]}
17. Be3 {[%clk 0:10:39]} Qe7 {[%clk 0:12:16]} 18. Ra2 {[%clk 0:10:43]} Nd7
{[%clk 0:11:49]} 19. Rd2 {[%clk 0:10:32]} Nc5 {[%clk 0:11:58]} 20. f4
{[%clk 0:09:06]} f6 {[%clk 0:11:43]} 21. Rxd6 {[%clk 0:06:39]} Nd4
{[%clk 0:11:43]} 22. Rxd4 {[%clk 0:06:46]} exd4 {[%clk 0:11:49]} 23. Bxd4
{[%clk 0:06:55]} Nxb3 {[%clk 0:11:46]} 24. Qxb3 {[%clk 0:06:57]} Bxc4
{[%clk 0:11:55]} 25. Qb2 {[%clk 0:05:14]} Bxf1 {[%clk 0:12:02]} 26. Bxf1
{[%clk 0:05:23]} Rfd8 {[%clk 0:11:57]} 27. Bf2 {[%clk 0:05:31]} a5
{[%clk 0:11:09]} 28. Nd5 {[%clk 0:03:51]} Qxe4 {[%clk 0:11:04]} 29. Bg2
{[%clk 0:04:00]} Qc2 {[%clk 0:09:53]} 30. Qb6 {[%clk 0:03:57]} Kh8
{[%clk 0:09:33]} 31. Bf3 {[%clk 0:03:14]} Qc6 {[%clk 0:08:41]} 32. Qxa5
{[%clk 0:01:18]} Ra8 {[%clk 0:08:49]} 33. Qb5 {[%clk 0:00:43]} Rxa4
{[%clk 0:08:47]} 34. Qb3 {[%clk 0:00:52]} Qc4 {[%clk 0:08:20]} 35. Qxb7
{[%clk 0:00:51]} Ra2 {[%clk 0:08:24]} 36. Kg1 {[%clk 0:00:59]} Qc1+
{[%clk 0:08:31]} 37. Kg2 {[%clk 0:01:01]} Qc5 {[%clk 0:08:40]} 0-1

[Event "Team Championship of Russia (rapid)"]
[Site "Sochi"]
[Date "2015.05.09"]
[Round "5.2"]
[White "Najer, Evgeniy"]
[Black "Vitiugov, Nikita"]
[Result "1/2-1/2"]
[LiveChessVersion "1.4.4"]
[BlackElo "2686"]
[WhiteElo "2667"]
[BlackTeam "The Bronze Horseman"]
[WhiteTeam "SHSM-Our Heritage-1"]

1. e4 {[%clk 0:15:19]} c5 {[%clk 0:15:19]} 2. Nf3 {[%clk 0:15:21]} a6
{[%clk 0:15:27]} 3. g3 {[%clk 0:14:32]} Nc6 {[%clk 0:15:08]} 4. Bg2
{[%clk 0:14:40]} g6 {[%clk 0:14:59]} 5. d4 {[%clk 0:13:37]} cxd4 {[%clk 0:14:56]}
6. Nxd4 {[%clk 0:13:46]} Bg7 {[%clk 0:14:54]} 7. Be3 {[%clk 0:13:51]} Nf6
{[%clk 0:13:59]} 8. O-O {[%clk 0:12:42]} O-O {[%clk 0:13:19]} 9. c4
{[%clk 0:11:36]} d6 {[%clk 0:12:17]} 10. h3 {[%clk 0:10:43]} Nxd4
{[%clk 0:12:19]} 11. Bxd4 {[%clk 0:10:51]} Be6 {[%clk 0:12:22]} 12. Nd2
{[%clk 0:10:13]} b5 {[%clk 0:11:34]} 13. Rc1 {[%clk 0:10:00]} Rc8
{[%clk 0:11:12]} 14. Qe2 {[%clk 0:10:00]} Qa5 {[%clk 0:10:48]} 15. Bc3
{[%clk 0:09:30]} Qb6 {[%clk 0:10:00]} 16. e5 {[%clk 0:08:50]} Nh5
{[%clk 0:10:06]} 17. exd6 {[%clk 0:00:54]} Nxg3 {[%clk 0:09:30]} 18. Qd3
{[%clk 0:01:03]} Nxf1 {[%clk 0:07:14]} 19. Bxg7 {[%clk 0:01:11]} Kxg7
{[%clk 0:06:34]} 20. dxe7 {[%clk 0:01:20]} Nxd2 {[%clk 0:05:08]} 21. Qc3+
{[%clk 0:00:24]} Kg8 {[%clk 0:04:51]} 22. c5 {[%clk 0:00:15]} Qc7
{[%clk 0:00:49]} 23. exf8=Q+ {[%clk 0:00:20]} Rxf8 {[%clk 0:00:57]} 24. Qxd2
{[%clk 0:00:28]} Rd8 {[%clk 0:00:40]} 25. Qc3 {[%clk 0:00:29]} Qf4
{[%clk 0:00:16]} 26. Qe3 {[%clk 0:00:22]} Qxe3 {[%clk 0:00:15]} 27. fxe3
{[%clk 0:00:32]} Rd2 {[%clk 0:00:13]} 28. b3 {[%clk 0:00:13]} Rxa2
{[%clk 0:00:15]} 29. c6 {[%clk 0:00:23]} Kg7 {[%clk 0:00:14]} 30. c7
{[%clk 0:00:17]} Bc8 {[%clk 0:00:22]} 31. Bd5 {[%clk 0:00:23]} Rd2
{[%clk 0:00:26]} 32. e4 {[%clk 0:00:31]} f5 {[%clk 0:00:32]} 33. Rc6
{[%clk 0:00:18]} fxe4 {[%clk 0:00:32]} 34. Bxe4 {[%clk 0:00:27]} Kf7
{[%clk 0:00:37]} 35. Bf3 {[%clk 0:00:14]} h5 {[%clk 0:00:23]} 36. Be4
{[%clk 0:00:23]} Ke7 {[%clk 0:00:22]} 37. Bxg6 {[%clk 0:00:21]} Rd6
{[%clk 0:00:22]} 38. Rxd6 {[%clk 0:00:24]} Kxd6 {[%clk 0:00:31]} 39. h4
{[%clk 0:00:25]} Kxc7 {[%clk 0:00:22]} 40. Bxh5 {[%clk 0:00:33]} a5
{[%clk 0:00:28]} 41. Kf2 {[%clk 0:00:15]} Kd6 {[%clk 0:00:27]} 42. Be8
{[%clk 0:00:14]} Be6 {[%clk 0:00:23]} 43. Bxb5 {[%clk 0:00:20]} Bxb3
{[%clk 0:00:31]} 1/2-1/2

[Event "Team Championship of Russia (rapid)"]
[Site "Sochi"]
[Date "2015.05.09"]
[Round "5.3"]
[White "Matlakov, Maxim"]
[Black "Grachev, Boris"]
[Result "1-0"]
[LiveChessVersion "1.4.4"]
[BlackElo "2665"]
[WhiteElo "2647"]
[BlackTeam "SHSM-Our Heritage-1"]
[WhiteTeam "The Bronze Horseman"]

1. d4 {[%clk 0:15:07]} d5 {[%clk 0:15:19]} 2. c4 {[%clk 0:15:14]} e6
{[%clk 0:15:28]} 3. Nf3 {[%clk 0:15:18]} Nf6 {[%clk 0:15:37]} 4. Bg5
{[%clk 0:15:04]} Nbd7 {[%clk 0:15:31]} 5. e3 {[%clk 0:14:43]} h6 {[%clk 0:15:38]}
6. Bh4 {[%clk 0:14:44]} Be7 {[%clk 0:15:45]} 7. Nc3 {[%clk 0:14:36]} O-O
{[%clk 0:15:50]} 8. Rc1 {[%clk 0:14:35]} c6 {[%clk 0:15:14]} 9. Bd3
{[%clk 0:13:05]} dxc4 {[%clk 0:14:36]} 10. Bxc4 {[%clk 0:13:13]} b5
{[%clk 0:14:45]} 11. Bd3 {[%clk 0:13:16]} a6 {[%clk 0:14:40]} 12. Ne5
{[%clk 0:12:08]} Nxe5 {[%clk 0:11:27]} 13. dxe5 {[%clk 0:12:16]} Nd7
{[%clk 0:11:33]} 14. Bxe7 {[%clk 0:10:41]} Qxe7 {[%clk 0:11:42]} 15. f4
{[%clk 0:10:50]} Bb7 {[%clk 0:10:03]} 16. Ne4 {[%clk 0:09:30]} c5
{[%clk 0:09:48]} 17. Nd6 {[%clk 0:08:07]} Bxg2 {[%clk 0:08:40]} 18. Rg1
{[%clk 0:08:15]} Qh4+ {[%clk 0:07:12]} 19. Kd2 {[%clk 0:08:22]} Bd5
{[%clk 0:06:30]} 20. Qe2 {[%clk 0:06:50]} f5 {[%clk 0:05:18]} 21. Rg6
{[%clk 0:06:22]} Ra7 {[%clk 0:04:36]} 22. Rcg1 {[%clk 0:06:22]} Nb6
{[%clk 0:04:37]} 23. Kc1 {[%clk 0:06:13]} Nc8 {[%clk 0:04:12]} 24. Kb1
{[%clk 0:04:33]} Nxd6 {[%clk 0:03:58]} 25. exd6 {[%clk 0:04:42]} Rff7
{[%clk 0:02:34]} 26. e4 {[%clk 0:03:28]} fxe4 {[%clk 0:02:40]} 27. Bxe4
{[%clk 0:03:37]} Qxf4 {[%clk 0:02:18]} 28. Bc2 {[%clk 0:03:11]} Rad7
{[%clk 0:01:16]} 29. Qd3 {[%clk 0:01:29]} Kf8 {[%clk 0:01:09]} 30. R6g4
{[%clk 0:01:30]} Qxd6 {[%clk 0:01:06]} 31. Qh7 {[%clk 0:01:39]} Qe5
{[%clk 0:01:00]} 32. Qh8+ {[%clk 0:01:34]} Ke7 {[%clk 0:01:10]} 33. Rxg7
{[%clk 0:01:37]} Qf6 {[%clk 0:00:15]} 34. Rxf7+ {[%clk 0:01:40]} Qxf7
{[%clk 0:00:15]} 35. Rg7 {[%clk 0:01:44]} Kd6 {[%clk 0:00:14]} 36. Qb8+
{[%clk 0:00:41]} Kc6 {[%clk 0:00:12]} 37. Qc8+ {[%clk 0:00:47]} Kd6
{[%clk 0:00:19]} 38. Qxa6+ {[%clk 0:00:51]} Ke5 {[%clk 0:00:28]} 39. Rxf7
{[%clk 0:00:56]} Rxf7 {[%clk 0:00:37]} 40. Qxb5 {[%clk 0:01:04]} c4
{[%clk 0:00:33]} 41. Qb8+ {[%clk 0:01:04]} Kd4 {[%clk 0:00:44]} 42. Qb6+
{[%clk 0:01:12]} Ke5 {[%clk 0:00:54]} 43. Qe3+ {[%clk 0:01:20]} Kd6
{[%clk 0:01:03]} 44. a4 {[%clk 0:01:15]} Rf1+ {[%clk 0:01:01]} 45. Ka2
{[%clk 0:01:24]} Rf3 {[%clk 0:01:10]} 46. Qd4 {[%clk 0:01:05]} 1-0

[Event "Team Championship of Russia (rapid)"]
[Site "Sochi"]
[Date "2015.05.09"]
[Round "5.4"]
[White "Inarkiev, Ernesto"]
[Black "Fedoseev, Vladimir"]
[Result "1-0"]
[LiveChessVersion "1.4.4"]
[BlackElo "2659"]
[WhiteElo "2611"]
[BlackTeam "The Bronze Horseman"]
[WhiteTeam "SHSM-Our Heritage-1"]

1. d4 {[%clk 0:15:19]} Nf6 {[%clk 0:15:18]} 2. c4 {[%clk 0:15:28]} e6
{[%clk 0:15:27]} 3. Nf3 {[%clk 0:15:36]} b6 {[%clk 0:15:26]} 4. g3
{[%clk 0:15:38]} Ba6 {[%clk 0:15:35]} 5. b3 {[%clk 0:15:33]} b5 {[%clk 0:13:07]}
6. Bg2 {[%clk 0:14:34]} bxc4 {[%clk 0:12:41]} 7. Ne5 {[%clk 0:14:39]} d6
{[%clk 0:09:11]} 8. Bxa8 {[%clk 0:12:03]} dxe5 {[%clk 0:09:20]} 9. O-O
{[%clk 0:10:44]} Qxd4 {[%clk 0:06:16]} 10. bxc4 {[%clk 0:10:00]} Bc5
{[%clk 0:03:08]} 11. Qb3 {[%clk 0:06:45]} Nbd7 {[%clk 0:02:24]} 12. Be3
{[%clk 0:06:30]} Qxa1 {[%clk 0:02:09]} 13. Na3 {[%clk 0:04:40]} Qxf1+
{[%clk 0:02:07]} 14. Kxf1 {[%clk 0:04:49]} O-O {[%clk 0:02:04]} 15. Bc6
{[%clk 0:04:12]} Bb6 {[%clk 0:00:31]} 16. Qc3 {[%clk 0:03:36]} Nc5
{[%clk 0:00:19]} 17. Qb4 {[%clk 0:03:19]} Bb7 {[%clk 0:00:12]} 18. Bxc5 a5 19.
Qb5 {[%clk 0:02:50]} Bxc6 {[%clk 0:00:20]} 20. Qxc6 {[%clk 0:02:59]} Rb8
{[%clk 0:00:22]} 21. Bxb6 {[%clk 0:02:59]} cxb6 {[%clk 0:00:30]} 22. Qc7
{[%clk 0:03:03]} 1-0